| 000 | 00642nam a2200169 a 4500 | ||
|---|---|---|---|
| 008 | 120416s2003 ||||||||||||||||| || u | ||
| 050 | _aIBRD(02) | ||
| 100 | _aSherif, Khaled | ||
| 245 | 1 | 0 | _aState-owned banks in the transition: origins, evolution, and policy responses |
| 260 |
_aWashington, D.C. _bWorld Bank _c2003 |
||
| 350 | _a0.00 | ||
| 650 | _aTRANSITION ECONOMIES--BANKS AND BANKING | ||
| 700 | _aBorish, Michael | ||
| 700 | _aGross, Alexandra | ||
| 710 | _aWorld Bank | ||
| 995 |
_D0.00 _FCBU-MAIN LIBRARY (Kitwe) _H1 _I0.00 _M1 _UAVAILABLE _WNov 26, 2007 _ZInternational Publications |
||
| 999 |
_c58234 _d58234 |
||